The noble scholar, jurist, historian


 His Excellency Dr. Abdul Wahhab bin Ibrahim Abu Sulaiman, may Allah have mercy on him.


 He was born in Umm Al-Qura in the year 1356 AH.

مدارج الصعود إلى اكتساء البرود : (Record no. 14146)

MARC details
000 -LEADER
fixed length control field 01479cam a22003011i 4500
003 - CONTROL NUMBER IDENTIFIER
control field SA-RiAUC
005 - DATE AND TIME OF LATEST TRANSACTION
control field 20260123144156.0
008 - FIXED-LENGTH DATA ELEMENTS--GENERAL INFORMATION
fixed length control field 260122s1897 ua g f000 0bara c
040 ## - CATALOGING SOURCE
Original cataloging agency EG-CaDAJ
Language of cataloging ara
Transcribing agency SA-RiAUC
Description conventions rda
082 04 - DEWEY DECIMAL CLASSIFICATION NUMBER
Classification number 239.2
090 ## - LOCALLY ASSIGNED LC-TYPE CALL NUMBER (OCLC); LOCAL CALL NUMBER (RLIN)
Classification number (OCLC) (R) ; Classification number, CALL (RLIN) (NR) م ن 239.2
Local cutter number (OCLC) ; Book number/undivided call number, CALL (RLIN) ن و و
100 1# - MAIN ENTRY--PERSONAL NAME
Personal name نووي الجاوي، محمد بن عمر بن عربي،
Dates associated with a name 1230-1316 هجري
Relator term مؤلف.
245 10 - TITLE STATEMENT
Title مدارج الصعود إلى اكتساء البرود :
Remainder of title شرح المولد النبوي /
Statement of responsibility, etc. محمد نووي البنتني.
246 30 - VARYING FORM OF TITLE
Title proper/short title شرح المولد النبوي
264 #1 - PRODUCTION, PUBLICATION, DISTRIBUTION, MANUFACTURE, AND COPYRIGHT NOTICE
Place of production, publication, distribution, manufacture [القاهرة] :
Name of producer, publisher, distributor, manufacturer المطبعة الأميرية،
Date of production, publication, distribution, manufacture, or copyright notice [1897]
300 ## - PHYSICAL DESCRIPTION
Extent 72 صفحة
336 ## - CONTENT TYPE
Content type term نص
Content type code txt
Source rdacontent
Materials specified كتاب
337 ## - MEDIA TYPE
Media type term بدون وسيط
Media type code n
Source rdamedia
338 ## - CARRIER TYPE
Carrier type term مجلد
Carrier type code nc
Source rdacarrier
600 07 - SUBJECT ADDED ENTRY--PERSONAL NAME
Personal name محمد (صلى الله عليه وسلم)،
Dates associated with a name 53 قبل الهجرة-11 هجري
Source of heading or term aucnm
650 #7 - SUBJECT ADDED ENTRY--TOPICAL TERM
Topical term or geographic name entry element السيرة النبوية
Source of heading or term aucsh
650 #7 - SUBJECT ADDED ENTRY--TOPICAL TERM
Topical term or geographic name entry element المولد النبوي
Source of heading or term aucsh
700 12 - ADDED ENTRY--PERSONAL NAME
Personal name البرزنجي، جعفر بن إسماعيل بن زين العابدين،
Dates associated with a name 1250-1317 هجري
740 22 - ADDED ENTRY--UNCONTROLLED RELATED/ANALYTICAL TITLE
Uncontrolled related/analytical title المولد النبوي، المسمى، بالكوكب الأنور على عقد الجوهر في مولد النبي الأزهر.
740 22 - ADDED ENTRY--UNCONTROLLED RELATED/ANALYTICAL TITLE
Uncontrolled related/analytical title الكوكب الأنور على عقد الجوهر في مولد النبي الأزهر.
942 ## - ADDED ENTRY ELEMENTS (KOHA)
Source of classification or shelving scheme Dewey Decimal Classification
Koha item type كتاب مصور نادر
Suppress in OPAC No
949 ## - LOCAL PROCESSING INFORMATION (OCLC)
a SA-JeALM
d 260122
u mohamedma123
n 1
Holdings
Withdrawn status Lost status Source of classification or shelving scheme Damaged status Not for loan Home library Current library Date acquired Total checkouts Full call number Barcode Date last seen Price effective from Koha item type
    Dewey Decimal Classification     DR AbdElwahab Library DR AbdElwahab Library 01/23/2026   م ن 239.2 ن و و 000022591 01/23/2026 01/23/2026 كتاب مصور نادر
    Dewey Decimal Classification     DR AbdElwahab Library DR AbdElwahab Library 01/23/2026   م ن 239.2 ن و و 000022592 01/23/2026 01/23/2026 كتاب مصور نادر